LEADER 01113nas a2200265 i 4500 001 000000135724 003 CaOOAMICUS 005 20191017142209.0 008 050309b2004 it uu u0 0ita r 013 $a109115 040 $aSeMil$bita 245 10$a[2004 : Giugno-Dicembre]. 260 $aLeumann (Torino) :$bElledici,$c2004. 300 $a1 v. (varie sequenze) :$bill. ;$c24 cm. 500 $aContiene [Inserto periodico] : Note's Graffiti ; Sussidi. 774 0 $tIncontro che cambia la vita.$w()260408 774 0 $tMass-media ed educazione. - 79 p. - Titolo principale [Dossier] dalla copertina.$w()260413 774 0 $tParrocchia dal volto giovane [1]. - 62, 15 p..$w()260414 774 0 $tMass media ed educazione religiosa [2]. - 63, 15 p..$w()260415 850 $aSeMil 852 $aSeMil$W1$xVenegono$y1$m245 5 33$j89368$B89368$CSeMilBibl$Z2$F94076 $85 961 $aAbbonamento: Centro Editoriale Dehoniano 996 $6245$a[2004 : Giugno-Dicembre]$9(OLS)http://semarc/title/197323 996 $6260$aLeumann (Torino) :$bElledici$9(OLS)http://semarc/publisher/31236 LEADER 01149nam a2200241 4500 001 000000343801 003 CaOOAMICUS 005 20210118091527.0 008 210118s1985 it a 000 u ita r 040 $aSeMil$bita 100 1 $aMezzanotte, Paolo.$0(OLS)http://semarc/name/12674 245 10$aItinerari sentimentali per le contrade di Milano$c[Paolo Mezzanotte ; a cura di Emilio Bestetti per conto della Banca popolare di Milano]. 250 $aEd. f. c. 264 1$a[S.l. :$bs.n.],$c1985$e(Bergamo :$fPoligrafiche Bolis S.p.A. per conto della Banca popolare di Milano ,$gstampa 1985) 300 $a798 p. :$bill. ;$c25 cm 650 4$aMilano - Guide.$0(OLS)http://semarc/subject/4477 650 4$aMilano - Storia.$0(OLS)http://semarc/subject/766 700 1 $aBestetti, Emilio,$ecuratore.$0(OLS)http://semarc/name/112803 850 $aSeMil 852 $aSeMil$W1$xVenegono$y1$m3O IV 233$j223778$B234860$CSeMilBibl$Z2$F234860 $81 996 $6245$aItinerari sentimentali per le contrade di Milano$9(OLS)http://semarc/title/37733 996 $6264$a[S.l. :$bs.n.]$9(OLS)http://semarc/publisher/29751